000 00368nam a2200133Ia 4500
005 20251222144847.0
008 251222s9999||||xx |||||||||||||| ||spa||
020 _a9972-57-081-9
082 _a352.149.85/M58
100 _aBracamonte, Jorge
245 0 _aSumando Esfuerzos 2004:
264 _bRed para el Desarrollo de las Ciencia Sociales en el PerĂº
942 _cLIB
999 _c21473
_d21473